Design for six sigma for green belts and champions 60 : applications for services operations foundations, tools, AMADV cases and certification (Record no. 182059)

MARC details
000 -LEADER
fixed length control field 00610nam a2200157Ia 4500
008 - FIXED-LENGTH DATA ELEMENTS--GENERAL INFORMATION
fixed length control field 231217s9999 xx 000 0 und d
020 ## - INTERNATIONAL STANDARD BOOK NUMBER
International Standard Book Number 131855247
041 ## - LANGUAGE CODE
Language code of text/sound track or separate title English
082 ## - DEWEY DECIMAL CLASSIFICATION NUMBER
Classification number 658 GIT;1 R
100 ## - MAIN ENTRY--PERSONAL NAME
Personal name Gitlow, Howard S. Levine, David M. Popovich, Edward A.
245 #0 - TITLE STATEMENT
Title Design for six sigma for green belts and champions 60 : applications for services operations foundations, tools, AMADV cases and certification
260 ## - PUBLICATION, DISTRIBUTION, ETC.
Date of publication, distribution, etc. 2006
Name of publisher, distributor, etc. Pearson Education
Place of publication, distribution, etc. New York
300 ## - PHYSICAL DESCRIPTION
Extent xxix+688
650 ## - SUBJECT ADDED ENTRY--TOPICAL TERM
Topical term or geographic name entry element six,sigma,belts,champions,60,operations,foundations,,tools,,AMADV,certification
942 ## - ADDED ENTRY ELEMENTS (KOHA)
Koha item type Books
Holdings
Date last seen Total checkouts Full call number Accession number Price effective from Category Lost status Damaged status Department Withdrawn status Home library Current library Shelving location Entry date Vendor Grants Billdate Currency symbol Conversion rate Discount Old discount
26/01/2024   658 GIT;1 R 52174 26/01/2024 Books     Central Library   Central Library Central Library Central Library 13/01/2009 Publisher DONATED 08/02/2012 RS 1    

© For any Suggestions or Query, please contact the library staff @ librarian@pes.edu or Phone: +9180 2672 1983/ 2108.